Súčasný stav a smerovanie slovenského profesionálneho bábkového divadla (Po 1. federálnej prehliadke čs. profesionálnych bábkových divadiel v Prahe)

Bibliographic Details
Main Author: Panovová, Oľga, 1953- (Author)
Format: Article
Language:Slovak
Subjects:

MARC

LEADER 00000nab a2200000 a 4500
001 vtls000056917
003 SK-MaSNL
005 20260304070927.0
008 250422c1980 xo 0 slo
015 |a SNBRB19rr/mm-uuuuu 
035 |a CL0067014 
035 |a (urnnbn)urn:nbn:sk:snk:ar-a09cjk 
035 |a (uuid)aaa56a7a-1a50-4e46-b22c-5b10b0bb9f6d 
035 |a urn:nbn:sk:snk-ab8e2i 
040 |a SNKBUCL  |b slo  |c SNKBUCL  |e AACR2 
041 0 |a slo 
044 |a xo  |c SK 
080 |a 792.9  |2 1981 
100 1 |a Panovová, Oľga,  |d 1953-  |4 aut  |9 202950 
245 1 0 |a Súčasný stav a smerovanie slovenského profesionálneho bábkového divadla  |b (Po 1. federálnej prehliadke čs. profesionálnych bábkových divadiel v Prahe)  |c Oľga Panovová 
650 0 7 |a profesionálne bábkové divadlo  |2 snkbucl  |9 1229134 
655 7 |a články z novín a časopisov  |2 snkbucl  |9 267496 
773 0 |t Slovenské divadlo  |g Roč. 13, č. 1 (1980), s. 91-97 
850 |a Slovenská národná knižnica 
852 |a Slovenská národná knižnica 
954 |a odborná, vedecká literatúra pôvodná (slovenská)  |2 lita 
958 |a article9 
958 |a RK 
958 |a OND 
958 |a EUIPO 
992 |a RBX 
999 |c 2758021  |d 2759951